| 000 | 01323cam a2200361 a 4500 | ||
|---|---|---|---|
| 001 | 741251 | ||
| 003 | OSt | ||
| 005 | 20140310182834.0 | ||
| 008 | 990325s2000 njua 001 0 eng | ||
| 010 | _a 99025748 | ||
| 020 | _a9814058793 | ||
| 040 |
_aDLC _cDLC |
||
| 050 | 0 | 0 |
_aQD 31.2 _b.B877 2000 |
| 082 | 0 | 0 |
_aM 540 _bB81 2000 _28th ed. |
| 100 | 1 |
_aBrown, Theodore L. _q(Theodore Lawrence), _d1928- |
|
| 245 | 1 | 0 |
_aChemistry : _bthe central science / _cBrown, Theodore L.; Lemay, H. Eugene Jr.; Bursten, Bruce E. |
| 250 | _a8th ed. | ||
| 260 |
_aUpper Saddle River, N.J. : _bPrentice Hall, _cc2000. |
||
| 300 |
_axxxiii, 1023 p. : _bill. ; _c25 cm. |
||
| 500 | _aIncludes index. | ||
| 521 | _aCollege Students | ||
| 526 | _c1210L to 1700L | ||
| 541 | _j1 | ||
| 541 | _j2 | ||
| 541 | _j3 | ||
| 562 | _efor circulation. 3 copies available in the collection | ||
| 650 | 0 | _aChemistry | |
| 700 | 1 |
_aLeMay, H. Eugene _q(Harold Eugene), _d1940- |
|
| 700 | 1 | _aBursten, Bruce Edward. | |
| 906 |
_a7 _bcbc _corignew _d1 _eocip _f19 _gy-gencatlg |
||
| 942 |
_2lcc _cBK _kM |
||
| 999 |
_c16710 _d16710 |
||